[Event "Fynsmesterskabet"]
[Site "Odense"]
[Date "2011.06.04"]
[Round "6"]
[White "Brondt, Nicolai Kvist"]
[Black "Kjolberg, Jens Hjorth"]
[Result "0-1"]
[WhiteElo "2151"]
[BlackElo "1931"]
[PlyCount "88"]
[EventDate "2011.06.01"]
[EventType "swiss"]
[EventRounds "9"]
[EventCountry "DEN"]
[SourceTitle "CBM 142 Extra"]
[Source "ChessBase"]
[SourceDate "2011.06.27"]

1. d4 Nf6 2. Nf3 g6 3. c4 Bg7 4. Nc3 O-O 5. g3 d6 6. Bg2 Nc6 7. O-O a6 8. Qd3
b5 9. cxb5 Nb4 10. Qd1 axb5 11. Qb3 c5 12. dxc5 dxc5 13. Ne5 Be6 14. Qd1 Qxd1
15. Rxd1 Rac8 16. Bf4 Nh5 17. Bf3 Nxf4 18. gxf4 g5 19. Nd3 Nxd3 20. Rxd3 gxf4
21. Nd5 Bxd5 22. Rxd5 Rfd8 23. Rxd8+ Rxd8 24. Rc1 Bd4 25. b3 f5 26. Re1 e5 27.
Bc6 b4 28. e3 Bc3 29. Re2 Rd6 30. Bb7 fxe3 31. fxe3 Kf7 32. e4 f4 33. Bd5+ Ke7
34. Rg2 Bd4+ 35. Kf1 Rxd5 36. exd5 Kd6 37. Rg7 Kxd5 38. Rxh7 Ke4 39. h4 Kd3 40.
h5 e4 41. Rd7 e3 42. Rxd4+ cxd4 43. h6 e2+ 44. Ke1 Ke3 0-1

[Event "Fynsmesterskabet"]
[Site "Odense"]
[Date "2011.06.04"]
[Round "6"]
[White "Preuss, Flemming"]
[Black "Bank Friis, Carsten"]
[Result "0-1"]
[WhiteElo "1991"]
[BlackElo "2321"]
[PlyCount "82"]
[EventDate "2011.06.01"]
[EventType "swiss"]
[EventRounds "9"]
[EventCountry "DEN"]
[SourceTitle "CBM 142 Extra"]
[Source "ChessBase"]
[SourceDate "2011.06.27"]

1. f4 c5 2. Nf3 Nc6 3. d3 d5 4. c3 g6 5. Qc2 d4 6. e4 dxe3 7. Bxe3 e6 8. Be2
Nh6 9. Na3 Nf5 10. Bf2 Qc7 11. g3 a6 12. Nc4 b5 13. Ncd2 Be7 14. Ne4 Nd8 15. a4
Bb7 16. axb5 axb5 17. O-O O-O 18. Rxa8 Bxa8 19. d4 c4 20. Ne5 Bd5 21. g4 Qb7
22. Nc5 Bxc5 23. dxc5 Bh1 24. c6 Nxc6 25. Bf3 Bxf3 26. Nxf3 Nfe7 27. Nd4 Nxd4
28. Bxd4 f6 29. Qe2 Qd5 30. Re1 Kf7 31. Qf2 Nc6 32. Qh4 Kg7 33. Be3 h6 34. Qg3
e5 35. h4 Re8 36. g5 fxg5 37. hxg5 h5 38. fxe5 Rxe5 39. Bd4 Nxd4 40. cxd4 Rxg5
41. Re7+ Kf6 0-1

[Event "Fynsmesterskabet"]
[Site "Odense"]
[Date "2011.06.04"]
[Round "6"]
[White "Randlov, Carsten"]
[Black "Grau, Peter"]
[Result "0-1"]
[WhiteElo "1863"]
[BlackElo "2101"]
[PlyCount "106"]
[EventDate "2011.06.01"]
[EventType "swiss"]
[EventRounds "9"]
[EventCountry "DEN"]
[SourceTitle "CBM 142 Extra"]
[Source "ChessBase"]
[SourceDate "2011.06.27"]

1. d4 d5 2. c4 dxc4 3. e3 Nf6 4. Bxc4 e6 5. Nf3 c5 6. O-O a6 7. Nc3 b5 8. Be2
Bb7 9. a3 Qc7 10. Ne5 Nc6 11. Nxc6 Bxc6 12. Bf3 Rd8 13. Bxc6+ Qxc6 14. Ne2 Bd6
15. Qc2 O-O 16. dxc5 Qxc5 17. Qxc5 Bxc5 18. b4 Bb6 19. Ra2 Rd6 20. Nf4 Rd7 21.
Rd2 Rxd2 22. Bxd2 Ne4 23. Bc1 Rd8 24. Re1 e5 25. Ne2 f6 26. g3 Kf7 27. Kg2 Rd3
28. Kf3 Nd6 29. g4 Ke6 30. Ng3 Nc4 31. Ke2 Rc3 32. Rd1 Rc2+ 33. Kf3 Nd6 34. h4
g6 35. h5 f5 36. hxg6 hxg6 37. gxf5+ gxf5 38. Rh1 f4 39. exf4 Rxf2+ 40. Kg4
exf4 41. Rh6+ Kd5 42. Rxd6+ Kxd6 43. Ne4+ Kd5 44. Nxf2 Bxf2 45. Kxf4 Kd4 46.
Kf3 Bh4 47. Ke2 Kc3 48. Kf3 Kc2 49. Be3 Kb3 50. Bc1 Bf6 51. Ke4 Bb2 52. Be3 Kc4
53. Bc5 Bxa3 0-1

[Event "Fynsmesterskabet"]
[Site "Odense"]
[Date "2011.06.04"]
[Round "6"]
[White "Svendsen, Mads Bilde"]
[Black "Danielsen, Henrik"]
[Result "0-1"]
[WhiteElo "2163"]
[BlackElo "2545"]
[PlyCount "80"]
[EventDate "2011.06.01"]
[EventType "swiss"]
[EventRounds "9"]
[EventCountry "DEN"]
[SourceTitle "CBM 142 Extra"]
[Source "ChessBase"]
[SourceDate "2011.06.27"]

1. d4 Nf6 2. c4 e6 3. Nc3 Bb4 4. f3 d5 5. a3 Be7 6. e4 dxe4 7. fxe4 e5 8. d5
Bc5 9. Nf3 Bg4 10. h3 Bxf3 11. Qxf3 Nbd7 12. Bd3 a5 13. Bc2 O-O 14. Bg5 Qc8 15.
Rd1 Ne8 16. Rf1 Nd6 17. b3 Bxa3 18. Be7 Bc5 19. Bxf8 Qxf8 20. Qg4 Qe7 21. Rd3
Nf6 22. Qh4 Bb4 23. Rg3 Nxd5 24. Qh6 Bxc3+ 25. Kd1 Ne3+ 26. Qxe3 Bd4 27. Qh6
Ne8 28. Qh5 Rd8 29. Bd3 f6 30. Qg4 c6 31. Ke2 Bc5 32. h4 Nc7 33. h5 Ne6 34. Qh4
Nf4+ 35. Kd2 Nxd3 36. Rxd3 Bb4+ 37. Kc2 Rxd3 38. Kxd3 Qd6+ 39. Ke2 Qd2+ 40. Kf3
Qd3+ 0-1

[Event "Fynsmesterskabet"]
[Site "Odense"]
[Date "2011.06.04"]
[Round "6"]
[White "Vaarala, Eric"]
[Black "Fries Nielsen, Jens Ove"]
[Result "1-0"]
[WhiteElo "2189"]
[BlackElo "2386"]
[PlyCount "69"]
[EventDate "2011.06.01"]
[EventType "swiss"]
[EventRounds "9"]
[EventCountry "DEN"]
[SourceTitle "CBM 142 Extra"]
[Source "ChessBase"]
[SourceDate "2011.06.27"]

1. b3 b6 2. Bb2 Bb7 3. e3 e6 4. f4 a5 5. a4 Nf6 6. Nf3 h6 7. Be2 g5 8. Nxg5
hxg5 9. Bf3 g4 10. Bxb7 Ra7 11. Bf3 gxf3 12. Qxf3 Rg8 13. Nc3 c6 14. h3 d5 15.
g4 Bb4 16. g5 Ne4 17. Nxe4 dxe4 18. Qe2 Rd7 19. O-O-O b5 20. axb5 a4 21. bxa4
Qa5 22. Qc4 cxb5 23. Qxb5 Qxb5 24. axb5 Rb7 25. h4 Nd7 26. h5 Rxb5 27. h6 e5
28. fxe5 Ke7 29. Rh4 Nc5 30. h7 Rh8 31. e6 Kxe6 32. d4 Nd3+ 33. Rxd3 exd3 34.
d5+ Rxd5 35. Bxh8 1-0

[Event "Fynsmesterskabet"]
[Site "Odense"]
[Date "2011.06.04"]
[Round "6"]
[White "Wilton, Lars"]
[Black "Hansen, Lars Henrik Bech"]
[Result "1-0"]
[WhiteElo "2144"]
[BlackElo "1993"]
[PlyCount "71"]
[EventDate "2011.06.01"]
[EventType "swiss"]
[EventRounds "9"]
[EventCountry "DEN"]
[SourceTitle "CBM 142 Extra"]
[Source "ChessBase"]
[SourceDate "2011.06.27"]

1. c4 Nf6 2. Nc3 g6 3. d4 Bg7 4. Bg5 c5 5. e3 cxd4 6. exd4 d6 7. Nf3 h6 8. Be3
O-O 9. h3 Nbd7 10. Qc2 Kh7 11. O-O-O a6 12. g4 Ng8 13. Bd3 b5 14. h4 bxc4 15.
Ng5+ Kh8 16. Bxc4 e6 17. h5 gxh5 18. Rxh5 Ndf6 19. Rh4 Bb7 20. f3 Rc8 21. Bb3
Qa5 22. Kb1 Nd5 23. Qd3 Nxc3+ 24. bxc3 f5 25. Bd2 Qa3 26. Bc1 Qa5 27. Bd2 Qa3
28. Bc1 Qa5 29. Kb2 e5 30. Ne6 Rf6 31. Nxg7 Kxg7 32. gxf5 exd4 33. Rg1+ Kh7 34.
Qxd4 Qc5 35. Bxg8+ Rxg8 36. Qxf6 1-0

[Event "Fynsmesterskabet"]
[Site "Odense"]
[Date "2011.06.04"]
[Round "7"]
[White "Almer, Julia"]
[Black "Brondt, Nicolai Kvist"]
[Result "1/2-1/2"]
[WhiteElo "1949"]
[BlackElo "2151"]
[PlyCount "77"]
[EventDate "2011.06.01"]
[EventType "swiss"]
[EventRounds "9"]
[EventCountry "DEN"]
[SourceTitle "CBM 142 Extra"]
[Source "ChessBase"]
[SourceDate "2011.06.27"]

1. e4 c6 2. d4 d5 3. Nc3 dxe4 4. Nxe4 Bf5 5. Ng3 Bg6 6. h4 h6 7. Nf3 Nd7 8. h5
Bh7 9. Bd3 Bxd3 10. Qxd3 e6 11. Bf4 Qa5+ 12. Bd2 Bb4 13. c3 Be7 14. Ne4 Ngf6
15. c4 Qc7 16. O-O-O Rd8 17. Kb1 b5 18. Rc1 Nxe4 19. Qxe4 Nf6 20. Qc2 Qb6 21.
Bf4 bxc4 22. Qxc4 Rd5 23. Qxc6+ Qxc6 24. Rxc6 Nxh5 25. Rc8+ Bd8 26. Bb8 a5 27.
Ne5 Nf4 28. Nxf7 Kxf7 29. Bxf4 Rxd4 30. Be3 Rd5 31. Rhc1 Re8 32. Ra8 Bf6 33.
Rxe8 Kxe8 34. Rc5 Rxc5 35. Bxc5 a4 36. b3 axb3 37. axb3 Kd7 38. Kc2 Kc6 39. b4
1/2-1/2

[Event "Fynsmesterskabet"]
[Site "Odense"]
[Date "2011.06.04"]
[Round "7"]
[White "Andersen, Lars Ren"]
[Black "Rostgaard, Tobias Valentin"]
[Result "1/2-1/2"]
[WhiteElo "2137"]
[BlackElo "2207"]
[PlyCount "202"]
[EventDate "2011.06.01"]
[EventType "swiss"]
[EventRounds "9"]
[EventCountry "DEN"]
[SourceTitle "CBM 142 Extra"]
[Source "ChessBase"]
[SourceDate "2011.06.27"]

1. c4 g6 2. e4 Bg7 3. d4 d6 4. Nc3 e5 5. Nge2 Nc6 6. Be3 Nf6 7. d5 Ne7 8. f3
O-O 9. Qd2 Nd7 10. O-O-O f5 11. Kb1 a5 12. g4 f4 13. Bf2 h6 14. h4 b6 15. b3
Ba6 16. Nc1 Qb8 17. Be2 Qa7 18. Nd3 Rfb8 19. h5 g5 20. Nb2 Nc5 21. Kc2 Bc8 22.
Rb1 Bd7 23. Rhc1 a4 24. b4 a3 25. Nbd1 Ba4+ 26. Nxa4 Qxa4+ 27. Kc3 Nb7 28. Qc2
Qd7 29. Kd2 c5 30. Ke1 cxb4 31. Rxb4 Nc5 32. Rcb1 Nc8 33. Nc3 Bf6 34. Nb5 Bd8
35. Qc3 Ra6 36. Kf1 Rba8 37. Bd1 Na7 38. Qd2 Nxb5 39. Rxb5 R6a7 40. Qc3 Qc8 41.
Bxc5 bxc5 42. Qb3 Ba5 43. Rb8 Rxb8 44. Qxb8 Qxb8 45. Rxb8+ Kg7 46. Ke2 Bc7 47.
Rc8 Kf7 48. Kd3 Kg7 49. Bb3 Kf7 50. Bc2 Kg7 51. Ba4 Kf7 52. Be8+ Kg7 53. Bd7
Kh7 54. Bf5+ Kg7 55. Re8 Ba5 56. Rb8 Bc7 57. Rc8 Ba5 58. Rc6 Bc7 59. Bc8 Kf7
60. Ba6 Ke7 61. Kc2 Kd8 62. Kb3 Ra8 63. Kxa3 Ra7 64. Ka4 Ra8 65. Kb3 Rb8+ 66.
Bb5 Rb6 67. Ka4 Kc8 68. Ba6+ Kb8 69. Rxb6+ Bxb6 70. Kb5 Kc7 71. Bc8 Ba7 72. Ka6
Bb8 73. Bb7 Kd7 74. a4 Bc7 75. Kb5 Bb8 76. Kb6 Bc7+ 77. Ka6 Bd8 78. Ka7 Ba5 79.
Ka6 Bc7 80. Ba8 Kc8 81. Kb5 Kd7 82. Ka6 Kc8 83. Ka7 Ba5 84. Ka6 Bc7 85. Ka7 Ba5
86. Bc6 Bd8 87. Bb7+ Kd7 88. Ka6 Bc7 89. a5 Bd8 90. Kb5 Bc7 91. a6 Bb8 92. Kb6
Bc7+ 93. Kb5 Bb8 94. Bc6+ Kc8 95. Be8 Kc7 96. a7 Bxa7 97. Ka6 Bb8 98. Bf7 Kd8
99. Kb7 Bc7 100. Be8 Ba5 101. Bb5 Ke7 1/2-1/2

[Event "Fynsmesterskabet"]
[Site "Odense"]
[Date "2011.06.04"]
[Round "7"]
[White "Antonsen, Mikkel"]
[Black "Vaarala, Eric"]
[Result "1-0"]
[WhiteElo "2472"]
[BlackElo "2189"]
[PlyCount "101"]
[EventDate "2011.06.01"]
[EventType "swiss"]
[EventRounds "9"]
[EventCountry "DEN"]
[SourceTitle "CBM 142 Extra"]
[Source "ChessBase"]
[SourceDate "2011.06.27"]

1. d4 d5 2. c4 c6 3. Nc3 e5 4. e3 e4 5. Qb3 Nf6 6. Bd2 Be7 7. Nh3 Qb6 8. Nf4 g5
9. Nfe2 Na6 10. Nc1 Qxb3 11. Nxb3 Nb4 12. O-O-O dxc4 13. Bxc4 b5 14. Be2 Be6
15. Kb1 Nbd5 16. Nc5 Nxc3+ 17. Bxc3 Bd5 18. Ba5 Nd7 19. Na6 Bd8 20. Bxd8 Kxd8
21. h4 gxh4 22. Rxh4 Nf6 23. g4 Rg8 24. Rg1 Rg5 25. Nb4 Ke7 26. Nxd5+ cxd5 27.
Rc1 Rag8 28. Rc7+ Kf8 29. Rxa7 R8g6 30. Rb7 Nxg4 31. Bxg4 Rxg4 32. Rxh7 Rf6 33.
Rh2 Rg1+ 34. Kc2 Rf1 35. Rxb5 R6xf2+ 36. Rxf2 Rxf2+ 37. Kd1 Ke7 38. a4 Ke6 39.
a5 Rf1+ 40. Ke2 Ra1 41. Kd2 f5 42. Rb6+ Kd7 43. a6 Kc7 44. Rf6 Rf1 45. Rf7+ Kb8
46. b4 Rf2+ 47. Kc3 Re2 48. b5 Rxe3+ 49. Kb4 Rh3 50. b6 Rh8 51. Kb5 1-0

[Event "Fynsmesterskabet"]
[Site "Odense"]
[Date "2011.06.04"]
[Round "7"]
[White "Bank Friis, Carsten"]
[Black "Frantsen, Tom"]
[Result "0-1"]
[WhiteElo "2321"]
[BlackElo "2117"]
[PlyCount "100"]
[EventDate "2011.06.01"]
[EventType "swiss"]
[EventRounds "9"]
[EventCountry "DEN"]
[SourceTitle "CBM 142 Extra"]
[Source "ChessBase"]
[SourceDate "2011.06.27"]

1. d4 Nf6 2. c4 e6 3. g3 Bb4+ 4. Bd2 Qe7 5. Bg2 O-O 6. Nc3 d5 7. cxd5 Bxc3 8.
Bxc3 Nxd5 9. Qb3 Rd8 10. Nf3 Nxc3 11. Qxc3 Na6 12. Rc1 Rb8 13. O-O Bd7 14. e4
Bb5 15. Rfe1 c6 16. a3 Nc7 17. Qe3 Ba6 18. Nd2 Rd7 19. Nb3 Rbd8 20. Red1 e5 21.
Bf3 exd4 22. Rxd4 Rxd4 23. Nxd4 Qe5 24. Rd1 g6 25. Rd2 Ne6 26. Nxe6 Rxd2 27.
Qxd2 Qxe6 28. Qd8+ Kg7 29. Qd4+ Qf6 30. Qc3 Qxc3 31. bxc3 Kf6 32. Bd1 Ke5 33.
f3 Bc4 34. Kf2 a5 35. Ke3 c5 36. f4+ Kd6 37. e5+ Kc6 38. Bf3+ Kb5 39. Bxb7 Ka4
40. g4 Kxa3 41. f5 gxf5 42. gxf5 a4 43. Ke4 Kb3 44. e6 Bxe6 45. fxe6 fxe6 46.
Kd3 c4+ 47. Kd4 e5+ 48. Kd5 Kxc3 49. Ba6 a3 50. Bxc4 e4 0-1

[Event "Fynsmesterskabet"]
[Site "Odense"]
[Date "2011.06.04"]
[Round "7"]
[White "Carlstedt, Jonathan"]
[Black "Brunello, Sabino"]
[Result "1/2-1/2"]
[WhiteElo "2308"]
[BlackElo "2537"]
[PlyCount "38"]
[EventDate "2011.06.01"]
[EventType "swiss"]
[EventRounds "9"]
[EventCountry "DEN"]
[SourceTitle "CBM 142 Extra"]
[Source "ChessBase"]
[SourceDate "2011.06.27"]

1. c4 e5 2. g3 Nf6 3. Bg2 Nc6 4. Nc3 Bc5 5. e3 d5 6. cxd5 Nb4 7. d4 exd4 8.
exd4 Be7 9. Nge2 Nbxd5 10. O-O O-O 11. Nf4 Nb6 12. Qd3 g6 13. b3 Bf5 14. Qd1 c6
15. d5 cxd5 16. Nfxd5 Nfxd5 17. Nxd5 Nxd5 18. Bxd5 Bf6 19. Bh6 Qa5 1/2-1/2

[Event "Fynsmesterskabet"]
[Site "Odense"]
[Date "2011.06.04"]
[Round "7"]
[White "Danielsen, Henrik"]
[Black "Lafuente, Pablo"]
[Result "0-1"]
[WhiteElo "2545"]
[BlackElo "2555"]
[PlyCount "110"]
[EventDate "2011.06.01"]
[EventType "swiss"]
[EventRounds "9"]
[EventCountry "DEN"]
[SourceTitle "CBM 142 Extra"]
[Source "ChessBase"]
[SourceDate "2011.06.27"]

1. f4 Nf6 2. Nf3 d5 3. g3 c6 4. Bg2 Qb6 5. b3 g6 6. Bb2 Bg7 7. e3 Bg4 8. h3
Bxf3 9. Qxf3 Nbd7 10. O-O O-O 11. g4 Ne4 12. Bxg7 Kxg7 13. d3 Nd6 14. Nd2 f5
15. d4 Nf6 16. c3 fxg4 17. hxg4 Nde4 18. Nxe4 Nxe4 19. Rfc1 e5 20. Rc2 exf4 21.
exf4 Qc7 22. Rf1 Rae8 23. Bh1 Ng5 24. Qg3 Rxf4 25. Rcf2 Ref8 26. Rxf4 Rxf4 27.
Kg2 Rf7 28. Rxf7+ Qxf7 29. Qe5+ Qf6 30. Qc7+ Kg8 31. Kg3 b5 32. c4 bxc4 33.
bxc4 dxc4 34. Bxc6 Qxd4 35. Qb7 Qe3+ 36. Kg2 Qd2+ 37. Kf1 Qd1+ 38. Kf2 Qd2+ 39.
Kf1 Qf4+ 40. Ke1 Qe3+ 41. Kd1 c3 42. Qd7 Nf7 43. Kc2 Qd2+ 44. Qxd2 cxd2 45. Bf3
Kg7 46. Kxd2 Kf6 47. Kc3 Ne5 48. Be2 Kg5 49. Kb4 Nxg4 50. Ka5 h5 51. Ka6 h4 52.
Kxa7 h3 53. Bf3 Kf4 54. Bb7 Nf2 55. a4 Ne4 0-1

[Event "Fynsmesterskabet"]
[Site "Odense"]
[Date "2011.06.04"]
[Round "7"]
[White "Eriksson, Christian Altenburg"]
[Black "Skjoldager, Mikael"]
[Result "1-0"]
[WhiteElo "2139"]
[BlackElo "1990"]
[PlyCount "57"]
[EventDate "2011.06.01"]
[EventType "swiss"]
[EventRounds "9"]
[EventCountry "DEN"]
[SourceTitle "CBM 142 Extra"]
[Source "ChessBase"]
[SourceDate "2011.06.27"]

1. e4 e5 2. Nf3 Nc6 3. Bb5 Nf6 4. O-O Nxe4 5. Re1 Nd6 6. Nxe5 Be7 7. Bf1 Nxe5
8. Rxe5 O-O 9. d4 Bf6 10. Re1 Ne8 11. c3 d5 12. Bd3 c6 13. Bf4 Nc7 14. Nd2 Ne6
15. Bg3 Re8 16. Nf3 Nf8 17. Qb3 Ne6 18. Qc2 h6 19. Ne5 Bxe5 20. Rxe5 Bd7 21.
Rae1 Nc7 22. Qb3 Rxe5 23. dxe5 b6 24. f4 c5 25. Bb1 Be6 26. f5 Bc8 27. Qc2 Ba6
28. e6 Qe7 29. f6 1-0

[Event "Fynsmesterskabet"]
[Site "Odense"]
[Date "2011.06.04"]
[Round "7"]
[White "Fries Nielsen, Niels Jorgen"]
[Black "Svendsen, Mads Bilde"]
[Result "1-0"]
[WhiteElo "2326"]
[BlackElo "2163"]
[PlyCount "47"]
[EventDate "2011.06.01"]
[EventType "swiss"]
[EventRounds "9"]
[EventCountry "DEN"]
[SourceTitle "CBM 142 Extra"]
[Source "ChessBase"]
[SourceDate "2011.06.27"]

1. g3 g6 2. Bg2 Bg7 3. e4 c5 4. Ne2 Nc6 5. O-O d6 6. c3 Bg4 7. h3 Bxe2 8. Qxe2
Nf6 9. d3 O-O 10. Bg5 Qa5 11. Be3 Rab8 12. Nd2 b5 13. f4 e6 14. e5 Nd5 15. Bf2
dxe5 16. Bxc5 Rfd8 17. fxe5 Nxe5 18. d4 Nc4 19. Ne4 Nce3 20. Rf3 Nxg2 21. Kxg2
f5 22. Nd6 e5 23. dxe5 Nc7 24. e6 1-0

[Event "Fynsmesterskabet"]
[Site "Odense"]
[Date "2011.06.04"]
[Round "7"]
[White "Hansen, Ib Lynaes"]
[Black "Knudsen, Jesper"]
[Result "0-1"]
[WhiteElo "1920"]
[BlackElo "2050"]
[PlyCount "126"]
[EventDate "2011.06.01"]
[EventType "swiss"]
[EventRounds "9"]
[EventCountry "DEN"]
[SourceTitle "CBM 142 Extra"]
[Source "ChessBase"]
[SourceDate "2011.06.27"]

1. e4 c5 2. Nc3 Nc6 3. g3 g6 4. Bg2 Bg7 5. Nge2 Rb8 6. a4 e6 7. O-O Nge7 8. f4
d6 9. d3 O-O 10. Bd2 a6 11. Qc1 Qc7 12. a5 Nxa5 13. f5 f6 14. Nf4 Nac6 15. fxe6
Nd4 16. Ncd5 Qd8 17. Bh3 f5 18. Qd1 Nxe6 19. Nxe7+ Qxe7 20. Nd5 Qd8 21. c3 Ng5
22. Bg2 fxe4 23. Rxf8+ Kxf8 24. Bxg5 Qxg5 25. dxe4 Be5 26. Qb3 Be6 27. Rf1+ Kg7
28. Qb6 Qd8 29. Qxd8 Rxd8 30. Nc7 Bc4 31. Ra1 Rd7 32. Nd5 Rf7 33. Bf1 Rxf1+ 34.
Rxf1 Bxf1 35. Kxf1 Kf7 36. Kf2 Ke6 37. Nb6 h5 38. Kf3 g5 39. h3 Bf6 40. Nd5 Bd8
41. Ne3 b5 42. Nd5 Ke5 43. Ke3 a5 44. b3 a4 45. c4 Ba5 46. cxb5 a3 47. b6 a2
48. b7 a1=Q 49. b8=Q Qe1+ 50. Kf3 Qxe4+ 51. Kf2 Qxd5 52. Qe8+ Qe6 53. Qxh5 Qf5+
54. Kg1 Qb1+ 55. Kg2 Qc2+ 56. Kf1 Qc1+ 57. Kg2 Qd2+ 58. Kg1 Qe3+ 59. Kg2 Be1
60. Qh8+ Ke4 61. Qe8+ Kd3 62. Qb5+ Kc3 63. Qa5+ Kb2 0-1

[Event "Fynsmesterskabet"]
[Site "Odense"]
[Date "2011.06.04"]
[Round "7"]
[White "Hansen, Mads"]
[Black "Fries Nielsen, Jens Ove"]
[Result "0-1"]
[WhiteElo "2225"]
[BlackElo "2386"]
[PlyCount "76"]
[EventDate "2011.06.01"]
[EventType "swiss"]
[EventRounds "9"]
[EventCountry "DEN"]
[SourceTitle "CBM 142 Extra"]
[Source "ChessBase"]
[SourceDate "2011.06.27"]

1. e4 c6 2. d4 d6 3. Nf3 Bg4 4. Bc4 e6 5. Nbd2 Nd7 6. c3 Ngf6 7. h3 Bh5 8. Bb3
Be7 9. O-O g5 10. Re1 g4 11. hxg4 Bxg4 12. e5 dxe5 13. dxe5 Nd5 14. c4 Nb4 15.
Ne4 Nc5 16. Qxd8+ Rxd8 17. Nxc5 Bxc5 18. Nh2 Bf5 19. Be3 Bxe3 20. Rxe3 Rd2 21.
g4 Bg6 22. g5 Bf5 23. Nf1 Rxb2 24. Ng3 Bg6 25. Bd1 Nd3 26. Be2 Nf4 27. Bf1 h6
28. gxh6 Rxh6 29. Rb3 Rxb3 30. axb3 a6 31. b4 Nd3 32. b5 axb5 33. cxb5 cxb5 34.
Ra5 b4 35. Rb5 Rh4 36. Rxb7 Nxe5 37. Ne2 Be4 38. Rxb4 Rh1# 0-1

[Event "Fynsmesterskabet"]
[Site "Odense"]
[Date "2011.06.04"]
[Round "7"]
[White "Kantans, Toms"]
[Black "Macak, Stefan"]
[Result "1/2-1/2"]
[WhiteElo "2306"]
[BlackElo "2400"]
[PlyCount "29"]
[EventDate "2011.06.01"]
[EventType "swiss"]
[EventRounds "9"]
[EventCountry "DEN"]
[SourceTitle "CBM 142 Extra"]
[Source "ChessBase"]
[SourceDate "2011.06.27"]

1. e4 e6 2. c4 d5 3. cxd5 exd5 4. exd5 Nf6 5. Nc3 Nxd5 6. Nf3 Be7 7. d4 O-O 8.
Bd3 Bg4 9. h3 Nxc3 10. bxc3 Bh5 11. O-O Nd7 12. Rb1 b6 13. Re1 Nf6 14. Bg5 c5
15. Qe2 1/2-1/2

[Event "Fynsmesterskabet"]
[Site "Odense"]
[Date "2011.06.04"]
[Round "7"]
[White "Kjolberg, Jens Hjorth"]
[Black "Rewitz, Poul"]
[Result "0-1"]
[WhiteElo "1931"]
[BlackElo "2289"]
[PlyCount "94"]
[EventDate "2011.06.01"]
[EventType "swiss"]
[EventRounds "9"]
[EventCountry "DEN"]
[SourceTitle "CBM 142 Extra"]
[Source "ChessBase"]
[SourceDate "2011.06.27"]

1. e4 c6 2. d4 d5 3. e5 Bf5 4. h4 h6 5. g4 Bd7 6. h5 c5 7. c3 Nc6 8. f4 cxd4 9.
cxd4 Qc8 10. Bh3 Nxd4 11. Nc3 Nb5 12. e6 fxe6 13. Nxb5 Bxb5 14. Nf3 Qc4 15. Bf1
Qe4+ 16. Kf2 Bxf1 17. Rxf1 Rc8 18. Re1 Qc2+ 19. Qxc2 Rxc2+ 20. Re2 Rxe2+ 21.
Kxe2 g6 22. hxg6 Bg7 23. Be3 Nf6 24. Ne5 Nd7 25. Nf7 O-O 26. Rh1 d4 27. Bd2 Nf6
28. f5 Ne4 29. Rh3 exf5 30. gxf5 h5 31. Rf3 h4 32. Kd3 Nxd2 33. Kxd2 Rc8 34.
Rh3 Bf6 35. Nh6+ Kg7 36. Nf7 Rc5 37. Rf3 Rd5 38. Kd3 a5 39. Kc4 Rd7 40. Kd3 a4
41. a3 b6 42. Rf1 Rd5 43. Rf2 Rb5 44. Nd8 Rb3+ 45. Ke4 Re3+ 46. Kf4 e5+ 47.
fxe6 Bxd8 0-1

[Event "Fynsmesterskabet"]
[Site "Odense"]
[Date "2011.06.04"]
[Round "7"]
[White "Lund, Silas"]
[Black "Rendboe, John Filip"]
[Result "1-0"]
[WhiteElo "2401"]
[BlackElo "2272"]
[PlyCount "57"]
[EventDate "2011.06.01"]
[EventType "swiss"]
[EventRounds "9"]
[EventCountry "DEN"]
[SourceTitle "CBM 142 Extra"]
[Source "ChessBase"]
[SourceDate "2011.06.27"]

1. d4 d5 2. c4 c6 3. Nf3 Nf6 4. Nc3 dxc4 5. a4 Bf5 6. e3 e6 7. Bxc4 Bb4 8. O-O
O-O 9. Qe2 Nbd7 10. Rd1 Bg6 11. h3 Qe7 12. Nh4 Bh5 13. g4 Bxc3 14. bxc3 Ne4 15.
Ng2 Bg6 16. Ba3 c5 17. Rac1 Rfd8 18. f3 Nef6 19. e4 e5 20. f4 exf4 21. e5 f3
22. Qxf3 Ne4 23. h4 h6 24. Bd5 Nxe5 25. dxe5 Qxe5 26. c4 h5 27. Qf4 Qe8 28. Bb2
Qxa4 29. Rf1 1-0

[Event "Fynsmesterskabet"]
[Site "Odense"]
[Date "2011.06.04"]
[Round "7"]
[White "Meszaros, Michal"]
[Black "Christensen, Bo Garner"]
[Result "1-0"]
[WhiteElo "2414"]
[BlackElo "2287"]
[PlyCount "83"]
[EventDate "2011.06.01"]
[EventType "swiss"]
[EventRounds "9"]
[EventCountry "DEN"]
[SourceTitle "CBM 142 Extra"]
[Source "ChessBase"]
[SourceDate "2011.06.27"]

1. e4 c5 2. Nf3 Nc6 3. d4 cxd4 4. Nxd4 Nf6 5. Nc3 e5 6. Ndb5 d6 7. Bg5 a6 8.
Na3 b5 9. Nd5 Qa5+ 10. Bd2 Qd8 11. Bg5 Qa5+ 12. Bd2 Qd8 13. Nxf6+ Qxf6 14. Bd3
Be7 15. O-O O-O 16. c4 bxc4 17. Nxc4 Rb8 18. Ne3 Qg6 19. Bc3 Bg5 20. Nd5 Ne7
21. Nxe7+ Bxe7 22. Qe2 Bb7 23. f3 Ra8 24. Rfd1 h5 25. Bc4 Kh8 26. Bd5 Bxd5 27.
Rxd5 f5 28. Re1 Rf7 29. Kh1 h4 30. h3 Raf8 31. Qxa6 fxe4 32. Rxe4 Rxf3 33. gxf3
Qe6 34. Rd2 Qxh3+ 35. Kg1 Rxf3 36. Rh2 Qg3+ 37. Rg2 Qh3 38. Rh2 Qg3+ 39. Rg2
Qh3 40. Reg4 Bf6 41. Qc8+ Kh7 42. Qd7 1-0

[Event "Fynsmesterskabet"]
[Site "Odense"]
[Date "2011.06.04"]
[Round "7"]
[White "Smith, Axel"]
[Black "Epishin, Vladimir"]
[Result "1/2-1/2"]
[WhiteElo "2450"]
[BlackElo "2562"]
[PlyCount "81"]
[EventDate "2011.06.01"]
[EventType "swiss"]
[EventRounds "9"]
[EventCountry "DEN"]
[SourceTitle "CBM 142 Extra"]
[Source "ChessBase"]
[SourceDate "2011.06.27"]

1. e4 c5 2. Nf3 a6 3. c3 d5 4. exd5 Qxd5 5. d4 e6 6. Be2 Nf6 7. O-O Be7 8. c4
Qd6 9. dxc5 Qxc5 10. b3 O-O 11. Bb2 b6 12. Bd4 Qc7 13. Be5 Qa7 14. Nfd2 Nc6 15.
Bb2 Rd8 16. Bf3 Bb7 17. Nc3 Rd7 18. Nce4 Ne8 19. Qe2 Rad8 20. Rfd1 Nd4 21. Bxd4
Rxd4 22. Ng3 Bc8 23. Ndf1 Rxd1 24. Rxd1 Rxd1 25. Qxd1 Qc7 26. Qe2 g6 27. Be4
Qe5 28. Qe3 f5 29. Bc6 Qxe3 30. Nxe3 Bd8 31. Bb7 Bd7 32. Ne2 a5 33. Nc2 Nd6 34.
Ba8 Kf7 35. Ned4 Ke7 36. Nc6+ Ke8 37. c5 Nc8 38. Nxa5 bxa5 39. c6 Nb6 40. cxd7+
Kxd7 41. Bb7 1/2-1/2

[Event "Fynsmesterskabet"]
[Site "Odense"]
[Date "2011.06.04"]
[Round "7"]
[White "Teplyi, Igor"]
[Black "Mikkelsen, Nikolaj"]
[Result "1-0"]
[WhiteElo "2387"]
[BlackElo "2401"]
[PlyCount "147"]
[EventDate "2011.06.01"]
[EventType "swiss"]
[EventRounds "9"]
[EventCountry "DEN"]
[SourceTitle "CBM 142 Extra"]
[Source "ChessBase"]
[SourceDate "2011.06.27"]

1. d4 Nf6 2. c4 g6 3. Nc3 d5 4. Bg5 Ne4 5. Bh4 Nxc3 6. bxc3 dxc4 7. e3 Be6 8.
Nf3 Bg7 9. Be2 O-O 10. O-O c5 11. Rb1 Qc7 12. Ng5 Bd5 13. e4 h6 14. Bg3 Qc8 15.
exd5 hxg5 16. dxc5 Nd7 17. c6 bxc6 18. dxc6 Nb6 19. Bf3 f5 20. h3 e5 21. Rxb6
axb6 22. Bxe5 Bxe5 23. Qd5+ Kh7 24. Qxe5 Rf7 25. Qd5 Qc7 26. Qxc4 Re7 27. g3
Rd8 28. Kg2 Rd2 29. Rd1 Rb2 30. Qd5 Qa7 31. Qd8 Rf7 32. Rd7 Rxd7 33. cxd7 b5
34. Qe7+ Kh6 35. Be2 Rxe2 36. Qxe2 Qxd7 37. Qe5 Kh7 38. Qd4 Qe6 39. a3 Qc8 40.
Kg1 Qc6 41. Kf1 Qh1+ 42. Ke2 Qb1 43. Qc5 Qc2+ 44. Ke3 Qe4+ 45. Kd2 Qb1 46. Ke2
Qc2+ 47. Kf1 Qb1+ 48. Kg2 Qe4+ 49. Kh2 Qc2 50. Qe7+ Kh6 51. Qe3 Kh7 52. Kg2 Qb3
53. Qc5 Qb1 54. Qe7+ Kh6 55. c4 bxc4 56. Qf8+ Kh7 57. Qf7+ Kh6 58. Qxc4 Qb7+
59. Kh2 Qb2 60. Qc5 Qb3 61. Qe3 Qd1 62. h4 f4 63. hxg5+ Kh5 64. gxf4 Qg4 65. f5
Qa4 66. fxg6 Kxg6 67. f4 Qd7 68. Kg3 Kh5 69. Qf3+ Kg6 70. Qe4+ Kg7 71. a4 Qd2
72. a5 Qa2 73. Kg4 Kh8 74. f5 1-0